000 00300nam a2200133Ia 4500
008 240624s9999 xx 000 0 und d
041 _aeng
082 _a823 PRI
100 _aMOOKERJEE PRIYANKA
245 _aHEDON
260 _c2016
_aNew Delhi
_bPenguin
300 _a312 : p.
365 _cRS
_b28.5
999 _c27873
_d27873